000 00579nam a22001937a 4500
003 OSt
005 20160105144349.0
008 130622t xxu||||| |||| 00| 0 eng d
020 _a9781876659387
050 _aQH 317
_b.B598 2008
082 _aIB 574
_bB49 2008
100 _aBilliet, Paul
245 _aBiology investigations :
_cPaul Billiet, Deborah James, Antony Mayrhofer
_bfor use with the IB diploms programme
250 _a3rd ed.
260 _aVictoria, Australia :
_bIBID Press,
_cc2008.
300 _a103 p.
_bill. ;
_c30 cm.
942 _2lcc
_cBK
999 _c3001
_d3001